Kraje z graczami Premier League - Statystyki

Ogólne statystyki
  • Ten quiz został rozwiązany 16 742 razy
  • Średni wynik to 12 z 15
Statystyki odpowiedzi
# Państwo % Poprawnych
1606 Anglia
97%
218 Francja
96%
148 Hiszpania
96%
71 Niemcy
96%
77 Portugalia
91%
76 Włochy
90%
87 Brazylia
86%
176 Irlandia
86%
71 Argentyna
83%
140 Holandia
81%
201 Szkocja
81%
115 Walia
76%
68 Norwegia
64%
65 Dania
62%
66 Irlandia Północna
53%
Nie znaleziono quizów pasujących do podanych kryteriów
Rozkład punktacji
Procent ludzi z każdym wynikiem
Percentyl według liczby udzielonych odpowiedzi
Twoja historia wyników
Nie rozwiązałeś tego quizu